000 00415nam a2200181Ia 4500
001 4254
005 20260306145742.0
008 260306t2009||||xx |||||||||||||| ||spa||
041 _aESP
082 _a320.1
_bC92
100 _aCruz Prados, Alfredo
_eAUT
245 0 _aFilosofía política
260 _c2009
300 _a170 páginas :
_c24 cm.
650 _aGEN
654 _aCDE
942 _cLIB
_dJUS
_fJUS
_2ddc
_n
999 _c4254
_d4254